000
00298nam a22001337a 4500
082
_a
823
_b
AND/S
100
_a
ANDERSON
245
_a
STORIES BY ANDERSON
_b
SHORT STORY
260
_a
CALICUT
_b
PIANO PUBLICATION
_c
2012
300
_a
123
520
_a
SHORT STORY
650
_a
SHORT STORY
942
_c
BK
999
_c
3849
_d
3849